Southville International School and Colleges
Your cart is empty.
  • Cart
  • Lists
    Public lists Eva Luna New books Lux_list list_1
    Your lists Log in to create your own lists
  • Log in to your account
  • Your cookies
  • Search history
Southville International School and Colleges
  • Advanced search
  • Recent comments
  • Most popular
  • Libraries

Log in to your account

Log in with GOOGLE


If you do not have an external account, but do have a local account, you can still log in:

  1. Home
  2. MARC view: HR6 :
Normal view MARC view ISBD view

HR6 : (Record no. 367827)

[ view plain ]
MARC details
000 -LEADER
fixed length control field 00799nam a22002417a 4500
003 - CONTROL NUMBER IDENTIFIER
control field 0
005 - DATE AND TIME OF LATEST TRANSACTION
control field 20250909100035.0
008 - FIXED-LENGTH DATA ELEMENTS--GENERAL INFORMATION
fixed length control field 250909b xxu||||| |||| 00| 0 eng d
020 ## - INTERNATIONAL STANDARD BOOK NUMBER
International Standard Book Number 978-0-357-89938-0
050 ## - LIBRARY OF CONGRESS CALL NUMBER
Classification number HF 5549
Item number .D46 2025
100 ## - MAIN ENTRY--PERSONAL NAME
Personal name DeNisi, Angelo,
Relator term author.
245 ## - TITLE STATEMENT
Title HR6 :
Remainder of title human resources /
Statement of responsibility, etc Angelo DeNisi and Ricki W. Griffin.
250 ## - EDITION STATEMENT
Edition statement Sixth edition.
260 ## - PUBLICATION, DISTRIBUTION, ETC. (IMPRINT)
Place of publication, distribution, etc Mason, OH :
Name of publisher, distributor, etc Cengage,
Date of publication, distribution, etc 2025.
300 ## - PHYSICAL DESCRIPTION
Extent xiii, 418 pages :
Other physical details colored illustrations ;
Dimensions 28 cm.
504 ## - BIBLIOGRAPHY, ETC. NOTE
Bibliography, etc Includes bibliographical references and index.
650 ## - SUBJECT ADDED ENTRY--TOPICAL TERM
Topical term or geographic name as entry element Personnel management
General subdivision Textbooks.
650 ## - SUBJECT ADDED ENTRY--TOPICAL TERM
Topical term or geographic name as entry element Human resource management
General subdivision Textbooks.
650 ## - SUBJECT ADDED ENTRY--TOPICAL TERM
Topical term or geographic name as entry element Personnel management.
650 ## - SUBJECT ADDED ENTRY--TOPICAL TERM
Topical term or geographic name as entry element Human capital
General subdivision Management.
700 ## - ADDED ENTRY--PERSONAL NAME
Personal name Griffin, Ricki W.,
Relator term author.
942 ## - ADDED ENTRY ELEMENTS (KOHA)
Source of classification or shelving scheme Library of Congress Classification
Koha item type Books
Holdings
Withdrawn status Lost status Source of classification or shelving scheme Damaged status Home library Current library Shelving location Date acquired Source of acquisition Sub Shelving location Total Checkouts Full call number Barcode Date last seen Price effective from Koha item type
    Library of Congress Classification   College Library College Library Reserve Section 06/04/2025 Library Fund     HF 5549 .D46 2025 C24941 09/09/2025 09/09/2025 Books
    Library of Congress Classification   College Library College Library Reserve Section 06/04/2025 Library Fund     HF 5549 .D46 2025 C25224 09/25/2025 09/25/2025 Books

HR6 :

APA

DeNisi A., Griffin R. W., . (2025). HR6. Mason, OH: Cengage.

Chicago

DeNisi Angelo, Griffin Ricki W, . 2025. HR6. Mason, OH: Cengage.

Harvard

DeNisi A., Griffin R. W., . (2025). HR6. Mason, OH: Cengage.

MLA

DeNisi Angelo, Griffin Ricki W, . HR6. Mason, OH: Cengage. 2025.

  • Place hold
  • Print
  • Cite
  • Add to your cart (remove)
  • Save record
    BIBTEX Dublin Core MARCXML MARC (non-Unicode/MARC-8) MARC (Unicode/UTF-8) MARC (Unicode/UTF-8, Standard) MODS (XML) RIS
  • More searches
    Search for this title in:
    Other Libraries (WorldCat) Other Databases (Google Scholar) Online Stores (Bookfinder.com) Open Library (openlibrary.org)

Exporting to Dublin Core...

SOUTHVILLE LIBRARY

Southville International School and Colleges Library

1281 Tropical Ave. Cor. Luxembourg St., BF Homes International, Las Pinas City

Tel. No. 8256374 / 252358 Loc. 117/146

Powered by Koha